Kompleksnyj podchod k rešeniju programmy "zdorov'je".

Potreba orientácie zdravotníctva na zvyšovanie efektívnosti jeho práce. Návrh imitačného modelu programu "Zdravie" v rámci regionálnej samosprávy, ktorý zahrňuje komplex väzieb zdravotníckych, ekonomických a sociálnych otázok. Výpočet normatívu prostriedkov na reprodukciu zdravia. Normatív odpisov o...

Descripción completa

Guardado en:
Detalles Bibliográficos
Autor principal: Vojtovič, A.
Formato: Capítulo de libro
Lenguaje:ruso
Materias:
Etiquetas: Agregar Etiqueta
Sin Etiquetas, Sea el primero en etiquetar este registro!

MARC

LEADER 00000naa a2200000 4500
001 r001490
005 20220819194200.7
041 0 |a rus 
044 |a [SU] 
245 1 0 |a Kompleksnyj podchod k rešeniju programmy "zdorov'je".  |c A. Vojtovič 
520 |a Potreba orientácie zdravotníctva na zvyšovanie efektívnosti jeho práce. Návrh imitačného modelu programu "Zdravie" v rámci regionálnej samosprávy, ktorý zahrňuje komplex väzieb zdravotníckych, ekonomických a sociálnych otázok. Výpočet normatívu prostriedkov na reprodukciu zdravia. Normatív odpisov odborov. Výpočet hodnoty nemocenského poistenia. 
610 2 0 |a zdravotníctvo 
610 2 0 |a efektívnosť 
610 2 0 |a modely 
610 2 0 |a zdravie 
610 2 0 |a ZSSR 
610 2 0 |a regióny 
610 2 0 |a ochrana zdravia 
610 2 0 |a normatívy 
610 2 0 |a odpisy 
610 2 0 |a poistenie nemocenské 
610 2 0 |a metódy ekonomicko-matematické 
100 1 |a Vojtovič, A.